Co to za ptak? #10 - Statystyki

Ogólne statystyki
  • Ten quiz został rozwiązany 33 razy
  • Średni wynik to 8 z 24
Statystyki odpowiedzi
Obrazkowy Hint Odpowiedź % Poprawnych
x długosterny Gołębiak
100%
Jaskólak
100%
Kakapo
100%
inaczej Struś madagaskarski Mamutak / Epiornis
100%
x indyjski Dławigad
50%
x natalski Dudkowiec
50%
x czczony Gwarek
50%
inaczej Koliber rubinowy Moskitnik
50%
x płaskodzioby Płatkonóg
50%
x gujański Skalikurek
50%
x amerykański Żabiru
50%
x szary Ziarnołusk
50%
Błotowiec
0%
x czarnoczelny Grdacz
0%
x saharyska Hubara
0%
Karolinka
0%
(samiec) Kurol
0%
x szarogłowy Leptodon
0%
x piskliwy Morzyk
0%
x szponiasta Poświerka
0%
x posępny Sadzak
0%
inaczej Tracz długodzioby Szlachar
0%
x żółtolicy Treron
0%
x tybetański Ułar
0%
Nie znaleziono quizów pasujących do podanych kryteriów
Rozkład punktacji
Procent ludzi z każdym wynikiem
Percentyl według liczby udzielonych odpowiedzi
Twoja historia wyników
Nie rozwiązałeś tego quizu